[Event "Druzynowe Mistrzostwa Polski Juniorow - Ekstraliga 2021"]
[Site "Lublin"]
[Date "1899-12-30"]
[Round "4.29"]
[White "Siekanska, Zuzanna"]
[Black "Rejniak, Zuzanna"]
[Result "1/2-1/2"]
[WhiteTitle "I++"]
[BlackTitle "k"]
[WhiteElo "1783"]
[BlackElo "1754"]

1. d4 g6 2. c4 Bg7 3. Nc3 c5 4. d5 Bxc3+ 5. bxc3 Qa5 6. Qc2 f5 7. Rb1 d6 8. e3
Nf6 9. Bd3 Nbd7 10. Nf3 Nb6 11. O-O Bd7 12. Ng5 h6 13. Ne6 Bxe6 14. dxe6 O-O-O
15. Rb3 Qa4 16. Qb1 Qc6 17. f3 h5 18. e4 fxe4 19. fxe4 Ng4 20. Rf7 Ne5 21. Rf2
Rdf8 22. Bf4 Nxd3 23. Qxd3 Rf6 24. Rbb2 Rxe6 25. Rbe2 Qa4 26. Qh3 Qd7 27. Qd3
Rf6 28. e5 dxe5 29. Qxd7+ Nxd7 30. Bxe5 Nxe5 31. Rxe5 Rhf8 32. Rxc5+ Kb8 33. Rxf6
Rxf6 34. Re5 e6 35. a4 Kc7 36. g3 a6 37. Kg2 Kd6 38. Re4 Rf5 39. h3 Ke7 40. g4
hxg4 41. hxg4 Ra5 42. c5 Rxc5 43. Rb4 b5 44. axb5 axb5 45. Rb1 Kd6 46. Rd1+ Rd5
47. Ra1 Ke5 48. Re1+ Kf6 49. Re4 Rd2+ 50. Kf1 Rc2 51. Rb4 Rxc3 52. Rxb5 Rg3 53.
Rb4 e5 54. Kf2 Rd3 55. Rb5 e4 56. Ra5 Ke6 57. Rg5 Rf3+ 58. Kg2 Kf6 59. Rb5 g5
60. Ra5 Rf4 61. Kg3 e3 62. Ra3 Re4 63. Ra1 e2 64. Re1 Ke5 65. Kf3 Kd4 66. Rxe2
Rxe2 67. Kxe2 Ke4 68. Kf2 Kf4 69. Kg1 Kg3 70. Kh1 Kxg4 71. Kg2 Kf4 72. Kf2 g4
73. Kg2 g3 74. Kg1 Kf3 75. Kf1 g2+ 76. Kg1 Kg3 1/2-1/2

[Event "Druzynowe Mistrzostwa Polski Juniorow - Ekstraliga 2021"]
[Site "Lublin"]
[Date "1899-12-30"]
[Round "4.30"]
[White "Pastuszko, Katarzyna"]
[Black "Siekanska, Maria"]
[Result "0-1"]
[WhiteTitle "I++"]
[BlackTitle "k"]
[WhiteElo "1503"]
[BlackElo "1903"]

1. e4 c5 2. Nf3 e6 3. d4 cxd4 4. Nxd4 Nc6 5. Nc3 d6 6. Be3 Nf6 7. Be2 Be7 8. Qd2
O-O 9. O-O-O a6 10. f4 Nd7 11. g4 Nxd4 12. Qxd4 b5 13. g5 Rb8 14. h4 Qa5 15. h5
b4 16. Nb1 e5 17. Qc4 exf4 18. Bxf4 Bxg5 19. Bxg5 Qxg5+ 20. Nd2 Nc5 21. Rdg1 Qe3
22. Bg4 Re8 23. Bxc8 Rbxc8 24. Kd1 Nxe4 25. Qd5 Nf2+ 26. Kc1 Nxh1 27. Qxh1 Qc5
0-1

[Event "Druzynowe Mistrzostwa Polski Juniorow - Ekstraliga 2021"]
[Site "Lublin"]
[Date "1899-12-30"]
[Round "5.1"]
[White "Baum, Jonasz"]
[Black "Luczak, Filip"]
[Result "1/2-1/2"]
[WhiteTitle "IM"]
[BlackTitle "FM"]
[WhiteElo "2260"]
[BlackElo "2313"]

1. c4 c6 2. e4 d5 3. cxd5 cxd5 4. exd5 Nf6 5. Nc3 Nxd5 6. d4 Nc6 7. Nf3 Bg4 8.
Qb3 Bxf3 9. gxf3 e6 10. Qxb7 Nxd4 11. Bb5+ Nxb5 12. Qxb5+ Qd7 13. Nxd5 exd5 14.
Qxd7+ Kxd7 15. Be3 Bb4+ 16. Ke2 a6 17. Rhd1 Ke6 18. Rd4 Rab8 19. Rc1 Bd6 20. b3
Rhc8 21. Rxc8 Rxc8 22. h3 Rc2+ 23. Rd2 Rc6 24. Rd4 Be5 25. Ra4 f6 26. Kd3 Rc3+
27. Ke2 Rc6 28. Kd3 Bc7 29. Rg4 g6 30. Rg1 Bb6 31. Bxb6 Rxb6 32. Re1+ Kd6 33.
Re8 Kc5 34. Kc3 d4+ 35. Kd3 Kb4 36. Re2 Rd6 37. f4 a5 38. Rc2 Ka3 39. Rc5 Kxa2
40. Rxa5+ Kxb3 41. Rb5+ Ka4 42. Rc5 Kb4 43. Rc4+ Kb5 44. Rxd4 Ra6 45. Ke4 Ra3
46. f5 Rxh3 47. fxg6 Rh4+ 48. Kd5 Rh5+ 49. Ke6 hxg6 50. Rf4 Rg5 51. Rxf6 Kc5 52.
Kf7 Rg2 53. f4 Rg4 54. Rxg6 Rxf4+ 55. Rf6 Rxf6+ 56. Kxf6 1/2-1/2

[Event "Druzynowe Mistrzostwa Polski Juniorow - Ekstraliga 2021"]
[Site "Lublin"]
[Date "1899-12-30"]
[Round "5.2"]
[White "Poltorak, Sebastian"]
[Black "Malicka, Maria"]
[Result "0-1"]
[WhiteTitle "k"]
[BlackTitle "FM"]
[WhiteElo "2181"]
[BlackElo "2272"]

1. d4 Nf6 2. c4 e6 3. Nc3 Bb4 4. e3 c5 5. Bd3 d5 6. Nf3 O-O 7. O-O cxd4 8. exd4
dxc4 9. Bxc4 b6 10. Ne5 Bb7 11. Bg5 Be7 12. Qd2 Nc6 13. Rad1 Nb4 14. a3 Nbd5 15.
Rfe1 Rc8 16. Qe2 h6 17. Bh4 Nf4 18. Qc2 Nxg2 19. Bg3 Nxe1 20. Rxe1 Nd5 21. Ba2
Bd6 22. Bb1 f5 23. Qd3 Bxa3 24. Ng6 Rf6 25. Ne5 Bxb2 26. Na4 Bc3 27. Rd1 Qe8 28.
Nxc3 Nxc3 29. Re1 Be4 0-1

[Event "Druzynowe Mistrzostwa Polski Juniorow - Ekstraliga 2021"]
[Site "Lublin"]
[Date "1899-12-30"]
[Round "5.3"]
[White "Janeczko, Jakub"]
[Black "Meers, Hubert"]
[Result "1/2-1/2"]
[WhiteTitle "I++"]
[BlackTitle "k"]
[WhiteElo "1918"]
[BlackElo "1974"]

1. e4 c5 2. Nc3 a6 3. g3 b5 4. Bg2 Bb7 5. d3 e6 6. Nh3 Nf6 7. O-O Be7 8. e5 Bxg2
9. Kxg2 Nd5 10. Qg4 g6 11. Nxd5 exd5 12. Qf3 Nc6 13. Qxd5 Nb4 14. Qb3 h5 15. a3
Nc6 16. Qd5 Nd4 17. c3 Ne6 18. Be3 Rc8 19. Rae1 d6 20. exd6 Qxd6 21. Qxd6 Bxd6
22. f4 O-O 23. f5 Ng7 24. Bh6 Rfe8 25. fxg6 fxg6 26. Bxg7 Kxg7 27. Ng5 Rxe1 28.
Rxe1 a5 29. Re6 Rd8 30. Kf3 Rd7 31. Ne4 Be7 32. Ke2 Rc7 33. Ra6 a4 34. Rb6 b4
35. c4 g5 36. Kd2 h4 37. Ra6 bxa3 38. bxa3 Rb7 39. Kc2 h3 40. g4 Rb3 41. Rxa4
Rb6 42. Ra7 Kf8 43. Ra8+ Kg7 44. d4 cxd4 45. c5 Rc6 46. Ra5 Bd8 47. Ra8 Bc7 48.
Rc8 Kf7 49. Kd3 Ke7 50. Kc4 d3 51. Kxd3 Kd7 52. Rh8 Ra6 53. Rh7+ Kc8 54. Nd6+
Bxd6 55. cxd6 Rxd6+ 56. Ke4 Rf6 57. Rxh3 Rf4+ 58. Ke5 Rxg4 59. Kf5 Rg2 60. Rc3+
Kb7 61. h3 Rg1 62. Ke4 g4 63. hxg4 1/2-1/2

[Event "Druzynowe Mistrzostwa Polski Juniorow - Ekstraliga 2021"]
[Site "Lublin"]
[Date "1899-12-30"]
[Round "5.4"]
[White "Dziewonski, Dariusz"]
[Black "Mulawa, Cyprian"]
[Result "0-1"]
[WhiteTitle "I++"]
[BlackTitle "I"]
[WhiteElo "1963"]
[BlackElo "1989"]

1. e4 c5 2. Nf3 d6 3. d4 cxd4 4. Nxd4 Nf6 5. Nc3 a6 6. Bc4 e6 7. O-O Be7 8. a4
O-O 9. Ba2 Nc6 10. Be3 Bd7 11. h3 Qc7 12. f4 Na5 13. Qf3 Rac8 14. g4 Nc4 15. Bxc4
Qxc4 16. g5 Ne8 17. Qg3 Bd8 18. f5 b5 19. fxe6 Bxe6 20. axb5 axb5 21. Ndxb5 Rb8
22. Ra4 Qc8 23. h4 Bd7 24. Na7 Qb7 25. Ra2 Be6 26. b3 Ra8 27. Rfa1 f5 28. e5 f4
29. Bxf4 Bb6+ 30. Kh2 dxe5 31. Ne2 exf4 32. Nxf4 Bc7 33. Ra4 Rxf4 34. Rxf4 Bxf4
35. Qxf4 Rxa7 36. Re1 Qc7 37. Qxc7 Nxc7 38. Kg3 Kf7 39. Rf1+ Ke7 40. Kf4 Ra5 41.
Rb1 Rc5 42. c4 Ne8 43. Ra1 Nd6 44. Ra7+ Bd7 45. Ra8 Rc8 46. Ra5 Nxc4 47. bxc4
Rxc4+ 48. Kg3 Rg4+ 49. Kf3 Rxh4 50. g6 h6 51. Re5+ Kf6 0-1

[Event "Druzynowe Mistrzostwa Polski Juniorow - Ekstraliga 2021"]
[Site "Lublin"]
[Date "1899-12-30"]
[Round "5.5"]
[White "Rejniak, Zuzanna"]
[Black "Zabrzanska, Weronika"]
[Result "1/2-1/2"]
[WhiteTitle "k"]
[BlackTitle "k"]
[WhiteElo "1754"]
[BlackElo "1976"]

1. e4 e5 2. Nf3 Nc6 3. Bc4 Bc5 4. c3 Nf6 5. d3 O-O 6. O-O d5 7. exd5 Nxd5 8. Nbd2
Nb6 9. Ne4 Nxc4 10. Nxc5 Nd6 11. Bg5 f6 12. Bh4 b6 13. Qb3+ Nf7 14. Ne6 Bxe6 15.
Qxe6 Qd6 16. Qxd6 Nxd6 17. Bg3 Rad8 18. d4 exd4 19. Nxd4 Nxd4 20. cxd4 Rd7 21.
Rac1 Nb5 22. d5 Rxd5 23. Bxc7 Nxc7 24. Rxc7 Rf7 25. Rc8+ Rf8 26. Rc7 Rf7 27. Rc8+
Rf8 28. Rc7 Rf7 1/2-1/2

[Event "Druzynowe Mistrzostwa Polski Juniorow - Ekstraliga 2021"]
[Site "Lublin"]
[Date "1899-12-30"]
[Round "5.6"]
[White "Tokarz, Izabela"]
[Black "Pastuszko, Katarzyna"]
[Result "1-0"]
[WhiteTitle "I++"]
[BlackTitle "I++"]
[WhiteElo "1621"]
[BlackElo "1503"]

1. d4 d5 2. c4 dxc4 3. e3 Nf6 4. Bxc4 e6 5. Nf3 a6 6. O-O b5 7. Bb3 Bb7 8. Qe2
Nbd7 9. Ne5 c5 10. f4 Be4 11. Nc3 c4 12. Bc2 Bxc2 13. Qxc2 Nxe5 14. fxe5 Ng4 15.
Qe4 Nh6 16. Qc6+ Ke7 17. d5 Qc8 18. d6+ Kd8 19. Qb6+ Ke8 20. Rd1 Qd7 21. Ne4 Be7
22. Nc5 Bd8 23. Nxd7 Bxb6 24. Nxb6 Rb8 25. d7+ Kd8 26. Nc8 Kc7 27. e4 Ng4 28.
Bf4 h6 29. h3 g5 30. Bxg5 hxg5 31. hxg4 Rd8 32. Rac1 Rxd7 33. Rxd7+ Kxd7 34. Nd6
f6 35. Rd1 Ke7 36. exf6+ Kxf6 37. Rf1+ Kg6 38. e5 Kg7 39. Rf7+ Kg8 40. Re7 Kf8
41. Rxe6 1-0

[Event "Druzynowe Mistrzostwa Polski Juniorow - Ekstraliga 2021"]
[Site "Lublin"]
[Date "1899-12-30"]
[Round "5.7"]
[White "Luberanski, Jakub"]
[Black "Dzida, Kamil"]
[Result "1/2-1/2"]
[WhiteTitle "FM"]
[BlackTitle "k+"]
[WhiteElo "2306"]
[BlackElo "2204"]

1. d4 Nf6 2. c4 e6 3. Nc3 Bb4 4. Qc2 d5 5. a3 Bxc3+ 6. Qxc3 O-O 7. Bg5 h6 8. Bxf6
Qxf6 9. Nf3 c6 10. e3 Nd7 11. cxd5 exd5 12. Bd3 b6 13. b4 Bb7 14. O-O Qe7 15.
Bf5 g6 16. Bxd7 Qxd7 17. Rfc1 f6 18. a4 Rfc8 19. Qd3 Kg7 20. a5 Rab8 21. Nd2 Rc7
22. Rc3 Qd6 23. axb6 axb6 24. Rca3 Bc8 25. Ra7 Bf5 26. Qc3 g5 27. h3 h5 28. b5
Rbc8 29. bxc6 Kh6 30. Rxc7 Rxc7 31. Rc1 Bd7 32. Qb2 Rxc6 33. Rxc6 Qxc6 34. e4
Be6 35. e5 fxe5 36. dxe5 g4 37. Qb4 Kg6 38. Qf4 Bf5 39. h4 Qc2 40. Qg5+ Kf7 41.
Nf1 Bg6 42. Qf6+ Kg8 43. Qd8+ Kh7 44. Qd7+ Kh6 45. Qxd5 Qe4 46. Qd2+ Kh7 47. Qg5
Qe1 48. Qe7+ Kh6 49. Qd6 b5 50. Qf8+ Kh7 51. Qe7+ Kh6 52. Qg5+ Kh7 53. f4 gxf3
54. gxf3 b4 55. Qe7+ Kh6 56. Qf6 Kh7 57. f4 Qb1 58. Qe7+ Kh6 59. Qg5+ Kh7 60.
Qe7+ Kh6 61. Qf8+ Kh7 62. e6 b3 63. Qe7+ Kh6 64. Qg5+ Kh7 65. Qe7+ 1/2-1/2

[Event "Druzynowe Mistrzostwa Polski Juniorow - Ekstraliga 2021"]
[Site "Lublin"]
[Date "1899-12-30"]
[Round "5.8"]
[White "Koziorowicz, Michal"]
[Black "Czopor, Maciej"]
[Result "1/2-1/2"]
[WhiteTitle "k+"]
[BlackTitle "FM"]
[WhiteElo "2122"]
[BlackElo "2279"]

1. e4 c5 2. Nf3 d6 3. d4 cxd4 4. Nxd4 Nf6 5. Nc3 a6 6. Be2 e6 7. f4 Be7 8. g4 Nfd7
9. g5 b5 10. a3 Bb7 11. Be3 Nb6 12. h4 d5 13. e5 Nc4 14. Bxc4 dxc4 15. Rh2 Qc7
16. Qh5 g6 17. Qg4 Nc6 18. Nce2 O-O-O 19. h5 Nxd4 20. Nxd4 c3 21. b3 Bc5 22. Qg1
Qb6 23. Rd1 Bxa3 24. Rd3 Kb8 25. Nf5 Qc6 26. Nd6 Bxd6 27. exd6 Ka8 28. Bd4 Rhe8
29. Be5 b4 30. Rd4 Qb6 31. Qf2 Bd5 32. hxg6 hxg6 33. Rd1 Kb7 34. Qxb6+ Kxb6 35.
Ke2 Rd7 36. Ke3 a5 37. Kd4 Bf3 38. Rg1 Rc8 39. Rg3 Bd5 40. Kd3 Kb5 41. Rgh3 Bb7
42. Rh8 Rc5 43. Rf8 Rd5+ 44. Ke3 a4 45. bxa4+ Kc4 46. Rhh8 Rd1 47. Rd8 Bc6 48.
Rxd7 Bxd7 49. Rd8 Bxa4 50. Rc8+ Kd5 51. Rc7 Bc6 52. Ke2 Rd2+ 53. Ke3 Kc5 54. Rc8
Rd5 55. Rb8 Bb5 56. Rc8+ Bc6 57. Rb8 Rd1 58. Bf6 Re1+ 59. Kf2 Rc1 60. Be7 Rxc2+
61. Ke3 Kd5 62. Rxb4 e5 63. fxe5 Kxe5 64. Kd3 Rc1 65. Bf6+ Kxd6 66. Bxc3 Rg1 67.
Bf6 Rg3+ 68. Ke2 Rh3 69. Kf2 Ke6 70. Rf4 Bd5 71. Ke2 Kd6 72. Kf2 Rh2+ 1/2-1/2

[Event "Druzynowe Mistrzostwa Polski Juniorow - Ekstraliga 2021"]
[Site "Lublin"]
[Date "1899-12-30"]
[Round "5.9"]
[White "Madej, Marek"]
[Black "Klimkowski, Jan"]
[Result "0-1"]
[WhiteTitle "I"]
[BlackTitle "FM"]
[WhiteElo "1805"]
[BlackElo "2322"]

1. e4 c5 2. Nf3 d6 3. d4 cxd4 4. Nxd4 Nf6 5. Nc3 a6 6. h4 e5 7. Nb3 Be7 8. Bg5
Be6 9. Bxf6 Bxf6 10. g3 Be7 11. Qd2 Nd7 12. O-O-O Nf6 13. Kb1 O-O 14. Bg2 b5 15.
Nd5 Bxd5 16. exd5 a5 17. f4 Nd7 18. fxe5 Nxe5 19. Nd4 Bf6 20. Nc6 Qb6 21. b3 Nc4
22. Qd3 Qc5 23. Nd4 Na3+ 24. Kb2 Bxd4+ 25. Qxd4 Qxc2+ 26. Kxa3 b4+ 27. Ka4 Qxa2+
28. Kb5 Rab8+ 29. Kc6 Qxg2 30. h5 Qc2+ 31. Kxd6 Rfe8 0-1

[Event "Druzynowe Mistrzostwa Polski Juniorow - Ekstraliga 2021"]
[Site "Lublin"]
[Date "1899-12-30"]
[Round "5.10"]
[White "Rog, Bartlomiej"]
[Black "Grot, Blazej"]
[Result "1-0"]
[WhiteTitle "I++"]
[BlackTitle "CM"]
[WhiteElo "1872"]
[BlackElo "1728"]

1. e4 e5 2. Nf3 Nc6 3. Bb5 a6 4. Ba4 Nf6 5. d4 Nxd4 6. Nxe5 Nc6 7. Bxc6 bxc6 8.
O-O Be7 9. Nc3 Bb7 10. Nc4 Rb8 11. e5 Nd5 12. Qg4 Nxc3 13. bxc3 g6 14. Bh6 Bf8
15. Bxf8 Kxf8 16. Rab1 Ba8 17. Rbd1 Ke8 18. e6 fxe6 19. Ne5 d6 20. Rfe1 Qc8 21.
Nxg6 hxg6 22. Qxg6+ Kf8 23. Qf6+ Kg8 24. Re3 1-0

[Event "Druzynowe Mistrzostwa Polski Juniorow - Ekstraliga 2021"]
[Site "Lublin"]
[Date "1899-12-30"]
[Round "5.11"]
[White "Harazinska, Magdalena"]
[Black "Siekanska, Zuzanna"]
[Result "1-0"]
[WhiteTitle "WFM"]
[BlackTitle "I++"]
[WhiteElo "2034"]
[BlackElo "1783"]

1. d4 d5 2. c4 e6 3. Nf3 Nf6 4. g3 Be7 5. Bg2 c6 6. O-O O-O 7. b3 b6 8. Bb2 Bb7
9. Nc3 Na6 10. e3 Rc8 11. Rc1 Nc7 12. Qe2 c5 13. Ne5 Nd7 14. Rfd1 Bf6 15. f4 cxd4
16. exd4 Nb8 17. b4 g6 18. b5 a6 19. a4 Be7 20. a5 axb5 21. axb6 Nca6 22. cxb5
Nb4 23. Na4 Nd7 24. Nxd7 Qxd7 25. Nc5 Bxc5 26. dxc5 Ra8 27. c6 Nxc6 28. bxc6 Bxc6
29. Qe5 f6 30. Qc7 Qxc7 31. bxc7 Bd7 32. Bd4 1-0

[Event "Druzynowe Mistrzostwa Polski Juniorow - Ekstraliga 2021"]
[Site "Lublin"]
[Date "1899-12-30"]
[Round "5.12"]
[White "Siekanska, Maria"]
[Black "Smietanska, Wiktoria"]
[Result "1-0"]
[WhiteTitle "k"]
[BlackTitle "CM"]
[WhiteElo "1903"]
[BlackElo "1802"]

1. d4 Nf6 2. c4 e6 3. Nc3 Bb4 4. e3 O-O 5. Bd3 c5 6. Nf3 d5 7. a3 Bxc3+ 8. bxc3
Nc6 9. O-O Qc7 10. cxd5 exd5 11. Ne1 b6 12. a4 Bb7 13. Ba3 Ne7 14. a5 c4 15. Bc2
b5 16. Qb1 a6 17. f3 Rfe8 18. g4 Ng6 19. Bc1 Bc6 20. Ng2 Ra7 21. Ba3 Rb7 22. Bb4
Bd7 23. Qe1 h5 24. g5 Nh7 25. h4 Bh3 26. Qf2 Qd7 27. Rfe1 Nhf8 28. Rad1 Rbb8 29.
Qg3 Bf5 30. e4 Bh3 31. Ne3 dxe4 32. fxe4 Bg4 33. Rc1 Rb7 34. e5 Qe6 35. Be4 Rc7
36. Bd6 Ra7 37. Bc6 Rd8 38. d5 Qc8 39. Bc5 Rc7 40. Bb6 Rxc6 41. Bxd8 Rc5 42. Bb6
Nd7 43. Bxc5 Nxc5 44. Nxg4 Qxg4 45. Qxg4 hxg4 46. d6 Kf8 47. Rcd1 Nd3 48. Re3
Ngxe5 49. Rxe5 Nxe5 50. d7 1-0

[Event "Druzynowe Mistrzostwa Polski Juniorow - Ekstraliga 2021"]
[Site "Lublin"]
[Date "1899-12-30"]
[Round "5.13"]
[White "Seemann, Jakub"]
[Black "Owoc, Jakub"]
[Result "1-0"]
[WhiteTitle "FM"]
[BlackTitle "I"]
[WhiteElo "2305"]
[BlackElo "1758"]

1. d4 d5 2. c4 dxc4 3. e3 Nf6 4. Bxc4 a6 5. Nf3 e6 6. O-O c5 7. Nc3 Nc6 8. a3 cxd4
9. exd4 b5 10. Ba2 Be7 11. d5 exd5 12. Nxd5 O-O 13. Nxe7+ Nxe7 14. Bg5 Ned5 15.
Qd4 Be6 16. Rad1 Qc7 17. Rc1 Qd7 18. Ne5 Qa7 19. Nc6 Qxd4 20. Nxd4 Bg4 21. f3
Bh5 22. Rc5 Rfd8 23. Nc6 Rd7 24. Bxd5 1-0

[Event "Druzynowe Mistrzostwa Polski Juniorow - Ekstraliga 2021"]
[Site "Lublin"]
[Date "1899-12-30"]
[Round "5.14"]
[White "Krupinski, Mikolaj"]
[Black "Grochol, Kamil"]
[Result "1/2-1/2"]
[WhiteTitle "I"]
[BlackTitle "I++"]
[WhiteElo "1830"]
[BlackElo "1978"]

1. e4 c5 2. Nf3 Nc6 3. d4 cxd4 4. Nxd4 Nf6 5. Nc3 d6 6. f3 e5 7. Nb3 Be6 8. Be3
d5 9. exd5 Nxd5 10. Nxd5 Qxd5 11. Qxd5 Bxd5 12. O-O-O O-O-O 13. Bb5 a6 14. Be2
Be7 15. Bb6 Rd7 16. Kb1 Be6 17. Rxd7 Bxd7 18. Bc4 f6 19. Rd1 Bd8 20. Bxd8 Rxd8
21. Nc5 Kc7 22. Kc1 Bc8 23. c3 Re8 24. Ne4 Nd8 25. Nd6 Re7 26. Nxc8 Kxc8 27. Kd2
Rd7+ 28. Ke2 Rxd1 29. Kxd1 Kd7 30. Ke2 Kd6 31. Ke3 Nc6 32. g3 Ne7 33. Bb3 f5 34.
h4 Ng6 35. Bg8 Nf8 36. Bb3 Ng6 37. Bg8 Nf8 38. Bc4 Nd7 39. Bb3 Nf6 40. Bc2 Ke6
41. Bb3+ Kd6 42. Bc2 g6 43. Bb3 Kc5 44. Bd1 Nd5+ 45. Kd3 a5 46. a3 b6 1/2-1/2

[Event "Druzynowe Mistrzostwa Polski Juniorow - Ekstraliga 2021"]
[Site "Lublin"]
[Date "1899-12-30"]
[Round "5.15"]
[White "Jendrowiak, Maciej"]
[Black "Malek, Jan"]
[Result "0-1"]
[WhiteTitle "II+"]
[BlackTitle "I++"]
[WhiteElo "1472"]
[BlackElo "2097"]

1. d4 Nf6 2. Nc3 d6 3. Bf4 Nbd7 4. Nf3 c6 5. e4 Qa5 6. e5 dxe5 7. Nxe5 Nxe5 8.
dxe5 Nd5 9. Qd2 Nxf4 10. Qxf4 Be6 11. O-O-O g6 12. Bc4 Bxc4 13. Qxc4 Bh6+ 14.
Kb1 O-O 15. e6 f5 16. Rd7 Bg5 17. h4 Bf6 18. h5 Qe5 19. f4 Qe3 20. Rd3 Qf2 21.
hxg6 hxg6 22. g4 Qg2 23. Rdd1 fxg4 24. Qd3 Kg7 25. Rdg1 Qf3 26. Qxf3 gxf3 27.
Rf1 Bxc3 28. bxc3 Rxf4 29. Kc1 Rd8 30. Rh3 Rd6 31. Rhxf3 Rxf3 32. Rxf3 Rxe6 33.
Kd2 g5 34. Rd3 Rd6 0-1

[Event "Druzynowe Mistrzostwa Polski Juniorow - Ekstraliga 2021"]
[Site "Lublin"]
[Date "1899-12-30"]
[Round "5.16"]
[White "Wydmanski, Szymon"]
[Black "Seemann, Pola"]
[Result "1-0"]
[WhiteTitle "I"]
[BlackTitle "I++"]
[WhiteElo "1697"]
[BlackElo "1607"]

1. e4 c5 2. Nf3 e6 3. d4 cxd4 4. Nxd4 Nf6 5. Nc3 Nc6 6. Nxc6 bxc6 7. Bd3 Bb7 8.
O-O Qc7 9. Qe2 c5 10. b3 Be7 11. Bb2 O-O 12. Rae1 Rfd8 13. Kh1 a6 14. f4 Rac8
15. Rf3 h6 16. Rg3 Kh8 17. e5 Ne8 18. Qh5 d5 19. exd6 Bxd6 20. Nd5 Bxd5 21. Bxg7+
Kg8 22. Bh7+ Kxh7 23. Qxh6+ 1-0

[Event "Druzynowe Mistrzostwa Polski Juniorow - Ekstraliga 2021"]
[Site "Lublin"]
[Date "1899-12-30"]
[Round "5.17"]
[White "Kroliczek, Gabriela"]
[Black "Dylag, Emilia"]
[Result "1-0"]
[WhiteTitle "k"]
[BlackTitle "WFM"]
[WhiteElo "1990"]
[BlackElo "2116"]

1. d4 d5 2. c4 e6 3. Nc3 Bb4 4. a3 Bxc3+ 5. bxc3 Nf6 6. cxd5 exd5 7. e3 O-O 8.
Bd3 c5 9. Ne2 Nc6 10. O-O b6 11. Ng3 Re8 12. f3 Bb7 13. Ra2 Qc7 14. Re2 Rad8 15.
Bb2 h5 16. Qa1 Na5 17. Qe1 Bc8 18. Nh1 cxd4 19. cxd4 Nc4 20. Ba1 Qd6 21. e4 Qxa3
22. Nf2 Ba6 23. Qb1 Bc8 24. e5 Nd7 25. Ra2 Qe7 26. Bxc4 dxc4 27. Rxa7 Qg5 28.
Qc1 Qxc1 29. Rxc1 Nf8 30. Rxc4 Be6 31. Rcc7 Rc8 32. Ne4 Rxc7 33. Rxc7 Ra8 34.
Bc3 Ng6 35. g3 b5 36. Rc5 Rb8 37. d5 Bd7 38. Rc7 b4 39. Bb2 Nf8 40. Nc5 Rc8 41.
Rxc8 Bxc8 42. Kf2 Nd7 43. Nd3 Nb6 44. Nxb4 Bb7 45. d6 Kf8 46. Nd3 Bc8 47. Bd4
Nd7 48. Nf4 g6 49. Nd5 Ba6 50. Ke3 Bc4 51. Nc7 Bb3 52. Kf4 Bc4 53. Ke3 Bb3 54.
h3 Bc4 55. Kf2 Bb3 56. g4 Bc4 57. Kg3 Bd3 58. Kh4 hxg4 59. hxg4 Bc4 60. f4 Kg8
61. f5 gxf5 62. gxf5 Nb8 63. Kg5 Nc6 64. Bc3 Nd8 65. Kf6 Kf8 66. Bb4 Kg8 67. e6
fxe6 68. fxe6 Nxe6 69. Nxe6 Bb5 70. Ke7 Ba4 71. Bc3 Kh7 72. Nd4 Kg6 73. Nb3 Kg5
74. d7 Bxd7 75. Kxd7 Kf5 76. Nd2 Kf4 77. Kd6 Kg3 78. Ke5 Kg4 79. Ke4 Kg3 80. Bd4
Kg2 81. Nf3 Kh1 82. Nh4 Kh2 83. Kf3 Kh3 84. Ng2 Kh2 85. Ne1 Kh1 86. Nd3 Kh2 87.
Nf2 Kg1 88. Be5 Kf1 89. Bh2 Ke1 90. Ne4 Kf1 91. Nd2+ Ke1 92. Ke3 Kd1 93. Kd3 Kc1
94. Nc4 Kd1 95. Bg3 Kc1 96. Bf2 Kd1 97. Nb2+ Kc1 98. Kc3 Kb1 99. Kb3 Kc1 100.
Be3+ Kb1 101. Nc4 Ka1 102. Bf4 Kb1 103. Na3+ 1-0

[Event "Druzynowe Mistrzostwa Polski Juniorow - Ekstraliga 2021"]
[Site "Lublin"]
[Date "1899-12-30"]
[Round "5.18"]
[White "Szopa, Emilia"]
[Black "Gaszka, Zuzanna"]
[Result "1/2-1/2"]
[WhiteTitle "I++"]
[BlackTitle "I++"]
[WhiteElo "1688"]
[BlackElo "1474"]

1. d4 Nf6 2. c4 g6 3. Nc3 Bg7 4. e4 d6 5. f3 O-O 6. Be3 Nc6 7. Nge2 a6 8. Qd2 Na5
9. Ng3 b5 10. h4 h5 11. cxb5 axb5 12. Qc2 c6 13. Rd1 b4 14. e5 dxe5 15. dxe5 Qc7
16. Nce4 Nxe4 17. Nxe4 Bxe5 18. g4 Bg3+ 19. Nxg3 Qxg3+ 20. Qf2 Qxf2+ 21. Kxf2
hxg4 22. h5 Bf5 23. hxg6 Bxg6 24. Bd4 f6 25. Bc5 Kf7 26. Bxb4 gxf3 27. Rd7 Rfe8
28. Kxf3 c5 29. Bxc5 Nc6 30. Rd5 Ne5+ 31. Ke3 Reb8 32. Ba3 Ra4 33. Rd4 Ng4+ 34.
Rxg4 Rxg4 35. Be2 Re4+ 36. Kf2 Ra4 37. Re1 Rc8 38. Bd1 Re4 39. Bb3+ Kf8 40. Rh1
Kg7 41. Rg1 Rf4+ 42. Ke3 Rh4 43. Kf3 Rh3+ 44. Kg2 Re3 45. Kf2 Re5 46. Bb4 Rf5+
47. Ke3 Re5+ 48. Kf2 Rc7 49. Bc3 Rh5 50. a4 Rcc5 51. a5 Rcf5+ 52. Ke2 Rxa5 53.
Bxa5 Rxa5 54. Bc2 Rg5 55. Rxg5 fxg5 56. Ba4 1/2-1/2

[Event "Druzynowe Mistrzostwa Polski Juniorow - Ekstraliga 2021"]
[Site "Lublin"]
[Date "1899-12-30"]
[Round "5.19"]
[White "Mis, Mieszko"]
[Black "Teclaf, Pawel"]
[Result "0-1"]
[WhiteTitle "FM"]
[BlackTitle "IM"]
[WhiteElo "2336"]
[BlackElo "2514"]

1. d4 d5 2. c4 dxc4 3. e4 Nc6 4. Nf3 Bg4 5. d5 Ne5 6. Bf4 Ng6 7. Be3 Nf6 8. Nc3
e5 9. Bxc4 Nh4 10. Rg1 Bd6 11. Bg5 Ng6 12. Qa4+ Kf8 13. Qb3 h6 14. Be3 Kg8 15.
Nd2 a6 16. f3 b5 17. Be2 Bd7 18. a4 Nf4 19. Bxf4 exf4 20. axb5 axb5 21. Rxa8 Qxa8
22. Bxb5 Qa1+ 23. Nd1 Kh7 24. Bc6 Bxc6 25. dxc6 Bc5 26. Rf1 Rd8 27. Qc2 Bb4 28.
Rf2 Kg8 29. Qc4 Qa5 30. Qc2 Qh5 31. Qc4 Bc5 32. Re2 Qh4+ 33. Kf1 Bb6 34. e5 Qxh2
35. Nf2 Nh5 36. Nde4 Ng3+ 37. Nxg3 fxg3 38. e6 Rd1+ 39. Nxd1 Qh1# 0-1

[Event "Druzynowe Mistrzostwa Polski Juniorow - Ekstraliga 2021"]
[Site "Lublin"]
[Date "1899-12-30"]
[Round "5.20"]
[White "Niedbala, Bartlomiej"]
[Black "Chyzy, Jakub"]
[Result "1-0"]
[WhiteTitle "FM"]
[BlackTitle "FM"]
[WhiteElo "2360"]
[BlackElo "2257"]

1. e4 e6 2. d4 d5 3. Nc3 Nf6 4. e5 Nfd7 5. f4 c5 6. Nf3 Nc6 7. Be3 a6 8. Qd2 b5
9. Be2 Qb6 10. Nd1 a5 11. O-O Ba6 12. c3 g6 13. a3 b4 14. axb4 Bxe2 15. Qxe2 cxb4
16. cxb4 Bxb4 17. g4 h5 18. h3 hxg4 19. hxg4 O-O-O 20. Nf2 Kb7 21. Kg2 Qa6 22.
Nd3 f5 23. g5 Nb6 24. Bd2 Kb8 25. Rfc1 Qb5 26. Rxc6 Qxc6 27. Bxb4 axb4 28. Nxb4
Qc4 29. Qxc4 dxc4 30. Nc6+ Kb7 31. Nxd8+ Rxd8 32. Kg3 Kc6 33. Nh4 Rxd4 34. Nxg6
Rd3+ 35. Kh4 Nd5 36. Ra6+ Kc5 37. Rxe6 Rb3 38. Re8 Rxb2 39. e6 Nc7 40. Rc8 Kd6
41. e7 Re2 42. Ne5 Kd5 1-0

[Event "Druzynowe Mistrzostwa Polski Juniorow - Ekstraliga 2021"]
[Site "Lublin"]
[Date "1899-12-30"]
[Round "5.21"]
[White "Sowinski, Pawel"]
[Black "Warchol, Kamil"]
[Result "1-0"]
[WhiteTitle "I++"]
[BlackTitle "CM"]
[WhiteElo "2006"]
[BlackElo "2126"]

1. c4 f5 2. Nc3 Nf6 3. g3 e5 4. Bg2 Nc6 5. e3 e4 6. d3 exd3 7. Qxd3 d6 8. b3 Be7
9. Bb2 O-O 10. Nge2 Nd7 11. O-O Nc5 12. Qd2 Qe8 13. Nd5 Bd8 14. Rad1 Ne5 15. Qc2
a5 16. Ndf4 Bd7 17. h4 Rf6 18. Rd5 Ne4 19. Bxe5 dxe5 20. Nd3 Re6 21. Bxe4 fxe4
22. Nc5 Rd6 23. Rxd6 cxd6 24. Nxd7 Qxd7 25. Qxe4 a4 26. Rd1 axb3 27. axb3 Ra5
28. Nc3 Qe7 29. Nb5 Qf8 30. Qd5+ Kh8 31. Qxd6 Be7 32. Qxe5 h6 33. Qf4 Bf6 34.
Rd7 Qe8 35. Qf5 Qc8 36. Qd5 Ra1+ 37. Kg2 Qe8 38. Nd6 Qf8 39. Nf7+ Kh7 40. Qf5+
Kg8 41. Nxh6+ Kh8 42. Nf7+ Kg8 43. Qh5 g6 44. Qxg6+ Bg7 45. Rd8 1-0

[Event "Druzynowe Mistrzostwa Polski Juniorow - Ekstraliga 2021"]
[Site "Lublin"]
[Date "1899-12-30"]
[Round "5.22"]
[White "Herwy, Jakub"]
[Black "Krawczyk, Flawian"]
[Result "1-0"]
[WhiteTitle "I+"]
[BlackTitle "I+"]
[WhiteElo "1907"]
[BlackElo "1942"]

1. e4 c5 2. d3 Nc6 3. f4 g6 4. Nf3 Bg7 5. Be2 e6 6. O-O Nge7 7. c3 O-O 8. Be3 b6
9. Na3 Bb7 10. Qd2 f5 11. Rad1 a6 12. e5 Nd5 13. d4 cxd4 14. Nxd4 Bh6 15. c4 Nxe3
16. Qxe3 Qe7 17. Nb3 g5 18. Qxb6 Rab8 19. Qc7 Rfd8 20. Bf3 gxf4 21. Rfe1 Ba8 22.
Re2 Rb7 23. Qd6 Qxd6 24. Rxd6 Rc7 25. c5 Bg7 26. Nc4 Bf8 27. Nb6 Bxd6 28. exd6
Rcc8 29. Nxa8 Rxa8 30. Bxc6 dxc6 31. Nd4 Re8 32. Nxc6 Kf7 33. d7 Rg8 34. Rd2 f3
35. d8=Q Raxd8 36. Nxd8+ Ke7 37. Nc6+ Kf6 38. g3 Kg5 39. Ne5 f4 40. Nxf3+ Kg4
41. Kg2 Kf5 42. c6 e5 43. Rd5 1-0